|
|
|
|
| LEADER |
00995nam a2200253 a 4500 |
| 001 |
16439 |
| 008 |
130615t20051976njua b 001 0 eng d |
| 010 |
|
|
|a 75011599
|
| 020 |
|
|
|a 0130224189
|
| 040 |
|
|
|a DLC
|c DLC
|d DLC
|d BD-DhAAL
|
| 082 |
0 |
0 |
|a 001.6/42
|
| 100 |
1 |
|
|a Wirth, Niklaus.
|
| 245 |
1 |
0 |
|a Algorithms + data structures = programs /
|c Niklaus Wirth.
|
| 260 |
|
|
|a Englewood Cliffs, N.J. :
|b Prentice-Hall ;
|a New Delhi :
|b Prentice-Hall of India Pvt. Ltd.,
|c c1976.
|
| 300 |
|
|
|a xvii, 366 p. :
|b ill. ;
|c 24 cm.
|
| 490 |
0 |
|
|a Prentice-Hall series in automatic computation.
|
| 504 |
|
|
|a Includes bibliographies and indexes.
|
| 541 |
|
|
|e 16439
|
| 650 |
|
0 |
|a Computer programming.
|
| 650 |
|
0 |
|a Data structures (Computer science)
|
| 650 |
|
0 |
|a Computer algorithms.
|
| 852 |
1 |
|
|a Ayesha Abed Library
|j General shelf.
|
| 999 |
|
|
|c 13578
|d 13578
|
| 952 |
|
|
|0 0
|1 0
|4 0
|6 001_642000000000000_WIR
|7 0
|9 22715
|a BRACUL
|b BRACUL
|c GEN
|d 2013-06-15
|l 6
|m 110
|o 001.642 WIR
|p 3010016439
|r 2024-09-25
|s 2024-01-21
|t 1
|w 2013-06-15
|y BK
|